000 00960nam a22003131i 4500
999 _c3069
_d3069
001 020625207
003 UkOxU
005 20231002090517.0
008 160420s2016 enk 000|0|eng|d
015 _aGBB669450
_2bnb
016 7 _a017856512
_2Uk
020 _a9781316600306 (pbk.)
035 _a(Uk)017856512
040 _aStDuBDS
_beng
_erda
_cStDuBDS
_dUk
_dKH8
042 _aukblsr
082 0 4 _a531 QUA
_223
100 1 _aQuadling, Douglas,
_eauthor.
245 1 0 _aCambridge international AS and A level mathematics.
_pMechanics 1:
_pCoursebook /
_cDouglas Quadling, Julian Gilbey.
250 _aRevised edition.
264 1 _aCambridge :
_bCambridge University Press,
_c2016.
300 _avii, 202 pages ;
_c28 cm.
336 _atext
_2rdacontent
337 _aunmediated
_2rdamedia
338 _avolume
_2rdacarrier
500 _aFormerly CIP.
_5Uk
650 0 _aMechanics
_vTextbooks.
700 1 _aGilbey, Julian,
_eauthor.
942 _2ddc
_cTR